| 000 | 00599cam a22002291 4500 | ||
|---|---|---|---|
| 001 | sa 64006817 | ||
| 003 | DLC | ||
| 005 | 20260227112042.0 | ||
| 008 | 890629s1962 ii 000 0 kano | ||
| 010 | _asa 64006817 | ||
| 035 | _a(OCoLC)19949423 | ||
| 040 |
_aDLC _cWaU _dDLC |
||
| 042 | _apremarc | ||
| 043 | _aa-ii--- | ||
| 050 | 0 | 0 |
_aPL4650 _b.K8 |
| 100 | 1 |
_aKurtakōṭi, Ke. Ḍi., _d1928-2003. |
|
| 245 | 1 | 0 | _aYugadharma hāgū sāhityadarśana. |
| 260 | _c1962. | ||
| 300 |
_aiii, 328, 19 p. _c22 cm. |
||
| 500 | _aIn Kannada. | ||
| 650 | 0 |
_aKannada literature _xHistory and criticism. |
|
| 999 |
_c59895 _d59895 |
||